| 000 | 00919nam a2200265 i 4500 | ||
|---|---|---|---|
| 001 | bg | ||
| 245 | 1 | 0 |
_aEncyclopedia of computational mechanics. _nVol.2, _pSolids and structures / _cedts Erwin Stein, Rene de Borst, Thomas J. R. Hughes. |
| 260 |
_aChichester : _bWiley, _c2004. |
||
| 300 |
_a830 s. : _bil. ; _c29 cm. |
||
| 504 | _aIndeks. | ||
| 650 | 9 | _aMechanika stosowana | |
| 650 | 9 |
_aModele matematyczne _xstosowanie _xmechanika |
|
| 655 | _aEncyklopedie | ||
| 700 | 1 |
_aSTEIN, Edwin. _eRed. |
|
| 700 | 1 |
_aBORST, René. _eRed. |
|
| 700 | 1 | _aHUGHES, Thomas J. R. | |
| 020 | _a0470846992 | ||
| 040 | _cBPK | ||
| 041 | 0 | _aeng | |
| 080 | _a531/534:539.3/.6:621.01](03) | ||
| 920 | _a0-470-84699-2 | ||
| 942 | _cKS | ||
| 008 | s pl f |000 0 pol | ||
| 999 |
_c45029 _d45029 |
||
| 856 |
_uhttp://koha.tu.koszalin.pl/cgi-bin/koha/opac-detail.pl?biblionumber=45029 _yKatalog online BPK |
||